000 00581nam a2200193Ia 4500
003 GCL
008 140319s9999 xx 000 0 ara d
040 _aGCL /
_cGCL
082 0 4 _aق
_b398.2
_bم ا
100 1 _aمحمد فهمى عبداللطيف
245 1 0 _aالوان من الفن الشعبى /
_cمحمد فهمى عبداللطيف
300 _a96 ص
490 _aالمكتبة الثقافية
_v0
650 0 4 _aمصر
650 0 4 _aالادب الشعبى
650 0 4 _aالاغانى الشعبية
650 0 4 _aالقصص الشعبية
942 _2ddc
_cBK
999 _c39381
_d39381